书目信息 |
| 题名: |
钓鱼诀窍
|
|
| 作者: | 张嘉鼎 , 铁木伦 著 | |
| 分册: | ||
| 出版信息: | 北京 气象出版社 2008 |
|
| 页数: | 144页 | |
| 开本: | 21cm | |
| 丛书名: | ||
| 单 册: | ||
| 中图分类: | G897 | |
| 科图分类: | ||
| 主题词: | 钓鱼(文娱活动)--基本知识 , 钓鱼(文娱活动) | |
| 电子资源: | ||
| ISBN: | 978-7-5029-4563-3 | |
| 000 | 00826nam0 2200253 45 | |
| 001 | 1133509859 | |
| 005 | 20110414095750.21 | |
| 010 | @a978-7-5029-4563-3@dCNY12.00 | |
| 100 | @a20110406e20102008em y0chiy50 ea | |
| 101 | 0 | @achi |
| 102 | @aCN@b110000 | |
| 105 | @aa z 000yy | |
| 106 | @ar | |
| 200 | 1 | @a钓鱼诀窍@ADiao Yu Jue Qiao@f张嘉鼎,铁木伦著@FZhang Jia Ding, Tie Mu Lun Zhu |
| 210 | @a北京@c气象出版社@d2008@h2010 | |
| 215 | @a144页@c图@d21cm | |
| 330 | @a本书从五个方面详述了钓鱼知识:渔具的选择与制作,鱼饵的选择与制作,钓鱼的技巧,不同鱼类的钓法,特殊钓法。 | |
| 606 | 0 | @a钓鱼(文娱活动)@x基本知识 |
| 606 | 0 | @a钓鱼(文娱活动) |
| 690 | @aG897@v4 | |
| 701 | 0 | @a张嘉鼎@AZhang Jia Ding@4著 |
| 701 | 0 | @a铁木伦@ATie Mu Lun@g(女)@4著 |
| 801 | 0 | @aCN@bTANGWEI@c20110414 |
| 905 | @b0533936-40@dG897@e288@f5 | |
| 钓鱼诀窍/张嘉鼎,铁木伦著.-北京:气象出版社,2008(2010) |
| 144页:图;21cm |
| ISBN 978-7-5029-4563-3:CNY12.00 |
| 本书从五个方面详述了钓鱼知识:渔具的选择与制作,鱼饵的选择与制作,钓鱼的技巧,不同鱼类的钓法,特殊钓法。 |
| ● |
| 相关链接 |
|
|
|
|
正题名:钓鱼诀窍
索取号:G897/288
 
预约/预借
| 序号 | 登录号 | 条形码 | 馆藏地/架位号 | 状态 | 备注 |
| 1 | 0533936 | 205339365 | 第一样本阅览室/ [索取号:G897/288] | 在馆 | |
| 2 | 0533937 | 205339374 | 密集书库-体育系/ [索取号:G897/288] | 在馆 | |
| 3 | 0533938 | 205339383 | 第四借阅区/ [索取号:G897/288] | 在馆 | |
| 4 | 0533939 | 205339392 | 第四借阅区/ [索取号:G897/288] | 在馆 | |
| 5 | 0533940 | 205339409 | 第四借阅区/ [索取号:G897/288] | 在馆 |